[Event "75th Tata Steel GpB"]
[Site "Wijk aan Zee NED"]
[Date "2013.01.14"]
[Round "3.5"]
[White "Smeets, J."]
[Black "Grandelius, N."]
[Result "1-0"]
[WhiteElo "2615"]
[BlackElo "2572"]
[PlyCount "83"]
[EventDate "2013.01.12"]
[SourceDate "1999.07.01"]

1. e4 c5 2. Nf3 d6 3. d4 cxd4 4. Nxd4 Nf6 5. Nc3 a6 6. Be3 e6 7. f3 b5 8. Qd2
b4 9. Na4 Nbd7 10. O-O-O Qa5 11. b3 Bb7 12. g4 Nc5 13. a3 Nxa4 14. axb4 Qc7 15.
bxa4 d5 16. e5 Nd7 17. f4 Be7 18. a5 O-O 19. Kb2 Rab8 20. c3 Nc5 21. Bd3 Ba8
22. Ra1 Nxd3+ 23. Qxd3 Bxb4 24. cxb4 Rxb4+ 25. Nb3 d4 26. Rhc1 Qd7 27. Bd2 Rb5
28. Rc5 Rfb8 29. Rxb5 Rxb5 30. Ra4 Bd5 31. Rb4 Rxb4 32. Bxb4 Qa4 33. Bd2 h6 34.
Nc1 Qd1 35. h3 Be4 36. Qxd4 Qc2+ 37. Ka3 Bd5 38. Qc3 Qd1 39. Nd3 Qb1 40. Nb4
Bg2 41. Qc8+ Kh7 42. Qc2+ 1-0

[Event "Piterenka Rapid 2012"]
[Site "Moscow RUS"]
[Date "2012.12.29"]
[Round "1"]
[White "Karjakin, Sergey"]
[Black "Nepomniachtchi, I."]
[Result "1/2-1/2"]
[WhiteElo "2775"]
[BlackElo "2707"]
[PlyCount "72"]
[EventDate "2012.12.29"]
[SourceDate "1999.07.01"]

1. e4 c5 2. Nf3 d6 3. d4 Nf6 4. Nc3 cxd4 5. Nxd4 a6 6. Be3 e5 7. Nf3 Nc6 8. Bc4
Be6 9. Nd5 Bxd5 10. Bxd5 Nxd5 11. Qxd5 Qa5+ 12. Qxa5 Nxa5 13. Nd2 Rc8 14. O-O-O
Be7 15. b3 b5 16. Kb2 Rc6 17. Nb1 Kd7 18. Nc3 Rhc8 19. Rd3 h6 20. Rc1 Bg5 21.
Nd5 Ke6 22. g3 Bxe3 23. Nxe3 Nb7 24. b4 g6 25. c3 f5 26. f3 fxe4 27. fxe4 Rf8
28. Kb3 Nd8 29. Nd5 Rc4 30. Re3 Rf2 31. Rc2 Rf1 32. a4 Rc8 33. axb5 axb5 34.
Ra2 Nc6 35. Rd3 Rb1+ 36. Rb2 Rxb2+ 1/2-1/2

[Event "Piterenka Blitz 2012"]
[Site "Moscow RUS"]
[Date "2012.12.29"]
[Round "6"]
[White "Jakovenko, D."]
[Black "Karjakin, Sergey"]
[Result "0-1"]
[WhiteElo "2741"]
[BlackElo "2775"]
[PlyCount "78"]
[EventDate "2012.12.29"]
[SourceDate "1999.07.01"]

1. e4 c5 2. Nf3 d6 3. d4 cxd4 4. Nxd4 Nf6 5. Nc3 a6 6. Be3 e5 7. Nb3 Be6 8. Qd2
Nbd7 9. f4 b5 10. O-O-O Be7 11. f5 Bc4 12. g4 Nxg4 13. Rg1 Nxe3 14. Qxe3 Bxb3
15. cxb3 O-O 16. Kb1 Nb6 17. Be2 Bf6 18. Rg3 Re8 19. Qd2 Ra7 20. Qxd6 Rd7 21.
Qc6 Rd4 22. Rgd3 Qb8 23. Nd5 Nxd5 24. exd5 Rxd3 25. Bxd3 e4 26. Be2 Qe5 27. Qc2
Qxf5 28. d6 Qe5 29. d7 Rd8 30. a3 g6 31. Ka2 Bg7 32. Rd2 f5 33. Qc8 Qf6 34. Qc7
f4 35. Bg4 h5 36. Be6+ Kh7 37. Bd5 e3 38. Rg2 f3 39. Rc2 e2 0-1

[Event "World Cities Team KO"]
[Site "Al-Ain UAE"]
[Date "2012.12.25"]
[Round "1.22"]
[White "Howell, D."]
[Black "Banikas, H."]
[Result "1/2-1/2"]
[WhiteElo "2634"]
[BlackElo "2620"]
[PlyCount "112"]
[EventDate "2012.12.22"]
[SourceDate "1999.07.01"]
[WhiteTeam "London"]
[BlackTeam "Athens"]

1. e4 c5 2. Nf3 d6 3. d4 cxd4 4. Nxd4 Nf6 5. Nc3 a6 6. h3 g6 7. g4 Bg7 8. Bg2
O-O 9. Be3 Nc6 10. Qd2 Bd7 11. O-O-O b5 12. f4 b4 13. Nd5 Nxd5 14. exd5 Nxd4
15. Bxd4 Bxd4 16. Qxd4 Qa5 17. Kb1 Rac8 18. f5 Qc5 19. Qd2 f6 20. Rde1 Rf7 21.
fxg6 hxg6 22. Re4 a5 23. Rhe1 Re8 24. Bf3 Rh7 25. Bg2 f5 26. R4e2 a4 27. gxf5
Bxf5 28. Be4 Rf8 29. Qg5 Rg7 30. Qe3 Qxe3 31. Rxe3 Rh7 32. a3 Bxe4 33. Rxe4
bxa3 34. bxa3 Rxh3 35. Rxe7 Rxa3 36. R1e6 Rb8+ 37. Kc1 Rg3 38. Rxd6 a3 39. Ra6
Rc8 40. d6 Rd8 41. Kb1 Rg1+ 42. Ka2 Rd1 43. c4 R1xd6 44. Rxd6 Rxd6 45. Kxa3 Kf8
46. Re1 Rd7 47. c5 Re7 48. Rd1 Ke8 49. c6 Rc7 50. Rd6 Ke7 51. Rxg6 Kd8 52. Rd6+
Kc8 53. Kb4 Rh7 54. Kc5 Kc7 55. Rd7+ Rxd7 56. cxd7 Kxd7 1/2-1/2

[Event "World Cities Team KO"]
[Site "Al-Ain UAE"]
[Date "2012.12.26"]
[Round "2.5"]
[White "Dzhumaev, M."]
[Black "Papaioannou, I."]
[Result "1-0"]
[WhiteElo "2530"]
[BlackElo "2618"]
[PlyCount "121"]
[EventDate "2012.12.22"]
[SourceDate "1999.07.01"]
[WhiteTeam "Tashkent"]
[BlackTeam "Athens"]

1. e4 c5 2. Nf3 d6 3. d4 cxd4 4. Nxd4 Nf6 5. Nc3 a6 6. g3 e6 7. Bg2 Be7 8. O-O
Qc7 9. Be3 O-O 10. a4 Nc6 11. Qe2 Rb8 12. Rfd1 Re8 13. h3 h6 14. f4 Nd7 15. Kh1
Nxd4 16. Bxd4 b6 17. Rd2 Bb7 18. Rf1 Rbc8 19. Kh2 e5 20. fxe5 dxe5 21. Be3 Nf6
22. Nd5 Bxd5 23. exd5 Rcd8 24. Qxa6 Bc5 25. Bxh6 Rd6 26. Bg5 Nh7 27. b4 Nxg5
28. Qb5 Rc8 29. bxc5 Qxc5 30. Qe2 Re8 31. Qh5 Rg6 32. Rdf2 e4 33. Rxf7 Nxf7 34.
Qxg6 Qxd5 35. Qxb6 Ne5 36. Qe3 Nc4 37. Qb3 Qe6 38. Rf4 e3 39. Rf1 Kh8 40. Re1
e2 41. Qb5 g6 42. Qd5 Ne3 43. Qxe6 Rxe6 44. Bf3 Rf6 45. Bxe2 Nxc2 46. Rf1 Rd6
47. Rd1 Re6 48. Bb5 Ne3 49. Rd7 Re5 50. g4 g5 51. Rc7 Rd5 52. Kg3 Re5 53. Kf3
Nd1 54. Rc1 Re3+ 55. Kg2 Nc3 56. Bc6 Ne2 57. Kf2 Re6 58. Re1 Rxc6 59. Rxe2 Rc3
60. Ra2 Rxh3 61. Kg2 1-0

[Event "AICF-AAI Cup 2012"]
[Site "New Delhi IND"]
[Date "2012.12.26"]
[Round "6.1"]
[White "Negi, P."]
[Black "Wojtaszek, R."]
[Result "1/2-1/2"]
[WhiteElo "2641"]
[BlackElo "2734"]
[PlyCount "74"]
[EventDate "2012.12.21"]
[SourceDate "1999.07.01"]

1. e4 c5 2. Nf3 d6 3. d4 cxd4 4. Nxd4 Nf6 5. Nc3 a6 6. Be3 e5 7. Nf3 Be7 8. Bc4
O-O 9. O-O Qc7 10. Qd3 b5 11. Nd5 bxc4 12. Nxc7 cxd3 13. Nxa8 dxc2 14. Rac1 Bb7
15. Nb6 Bxe4 16. Ne1 Nbd7 17. Nxd7 Nxd7 18. Nxc2 Rb8 19. f3 Bf5 20. a3 Rxb2 21.
Nb4 f6 22. Rfd1 Rb3 23. Nd5 Kf7 24. Bd2 Rxa3 25. Bb4 Rd3 26. Rxd3 Bxd3 27. Nxe7
Kxe7 28. Rd1 Bb5 29. Rxd6 Kf7 30. Kf2 h5 31. Ke3 Nf8 32. Rd8 Ne6 33. Rd2 Ba4
34. Bc3 Bb5 35. Bb4 Ba4 36. Bc3 Bb5 37. Bb4 Ba4 1/2-1/2

[Event "AICF-AAI Cup 2012"]
[Site "New Delhi IND"]
[Date "2012.12.27"]
[Round "7.3"]
[White "Alekseev, Evgeny"]
[Black "Wojtaszek, R."]
[Result "1/2-1/2"]
[WhiteElo "2691"]
[BlackElo "2734"]
[PlyCount "71"]
[EventDate "2012.12.21"]
[SourceDate "1999.07.01"]

1. e4 c5 2. Nf3 d6 3. d4 cxd4 4. Nxd4 Nf6 5. Nc3 a6 6. Be3 e5 7. Nb3 Be7 8. f3
Be6 9. Qd2 O-O 10. O-O-O Nbd7 11. g4 b5 12. g5 b4 13. Ne2 Ne8 14. h4 a5 15. Kb1
a4 16. Nbc1 Nb6 17. Ng3 d5 18. Bxb6 Qxb6 19. exd5 Rd8 20. Bc4 Nc7 21. dxe6 Rxd2
22. exf7+ Kh8 23. Rxd2 Nb5 24. Rd7 Na3+ 25. bxa3 bxa3+ 26. Nb3 Qb4 27. Ne4 Qxc4
28. Rxe7 axb3 29. axb3 Qd4 30. c3 Qd3+ 31. Ka2 Qe2+ 32. Kxa3 Ra8+ 33. Kb4 Rb8+
34. Ka3 Ra8+ 35. Kb4 Rb8+ 36. Ka3 1/2-1/2

[Event "AICF-AAI Cup 2012"]
[Site "New Delhi IND"]
[Date "2012.12.29"]
[Round "9.1"]
[White "Korobov, A."]
[Black "Negi, P."]
[Result "1-0"]
[WhiteElo "2702"]
[BlackElo "2641"]
[PlyCount "89"]
[EventDate "2012.12.21"]
[SourceDate "1999.07.01"]

1. e4 c5 2. Nf3 d6 3. d4 cxd4 4. Nxd4 Nf6 5. Nc3 a6 6. h3 Nc6 7. g4 Nxd4 8.
Qxd4 e5 9. Qd3 Be6 10. g5 Nd7 11. f4 Rc8 12. f5 Bc4 13. Qf3 Nb6 14. Bxc4 Nxc4
15. b3 Nb6 16. Bd2 d5 17. exd5 Bb4 18. Rd1 Bxc3 19. Bxc3 Qxg5 20. Bxe5 Rxc2 21.
Bd4 Nd7 22. Rg1 Ne5 23. Qg3 Qh5 24. Qxe5+ Kd7 25. Rd2 Re8 26. Qxe8+ Kxe8 27.
Rxc2 Qh4+ 28. Bf2 Qxh3 29. f6 g6 30. Rg3 Qh1+ 31. Ke2 Kd7 32. Re3 Qh5+ 33. Ke1
Qh1+ 34. Kd2 Qh2 35. Kc1 Qf4 36. Kb1 Qxf6 37. Rd3 Qf5 38. Rdd2 g5 39. d6 g4 40.
Kc1 Qe5 41. Rc7+ Kd8 42. Bb6 Qa1+ 43. Kc2 Qxa2+ 44. Kc3 Qa1+ 45. Kb4 1-0

[Event "Groningen Open A"]
[Site "Groningen NED"]
[Date "2012.12.28"]
[Round "7.1"]
[White "Bok, B."]
[Black "Andriasian, Z."]
[Result "0-1"]
[WhiteElo "2522"]
[BlackElo "2605"]
[PlyCount "103"]
[EventDate "2012.12.21"]
[SourceDate "1999.07.01"]

1. e4 c5 2. Nf3 d6 3. d4 cxd4 4. Nxd4 Nf6 5. Nc3 a6 6. Be3 Ng4 7. Bg5 h6 8. Bh4
g5 9. Bg3 Bg7 10. h3 Ne5 11. f3 Nbc6 12. Bf2 Be6 13. Qd2 Qa5 14. Nb3 Bxb3 15.
cxb3 Rc8 16. O-O-O Ng6 17. Kb1 O-O 18. Nd5 Qxd2 19. Rxd2 Rcd8 20. g3 e6 21. Nc3
Nce5 22. Bg2 f5 23. exf5 Rxf5 24. f4 gxf4 25. Bxb7 fxg3 26. Bxg3 a5 27. Nb5 d5
28. Nd4 Nf3 29. Nxf3 Rxf3 30. Rg1 Nf4 31. Bxf4 Rxf4 32. Ba6 Kf7 33. Bd3 Bf6 34.
Rc2 e5 35. Be2 e4 36. Bg4 Be5 37. Rc6 Rf2 38. Bh5+ Kf8 39. Rc2 Rxc2 40. Kxc2
Ke7 41. Rg6 Rf8 42. Bg4 Rf2+ 43. Kd1 Bf6 44. Rxh6 Rxb2 45. Rh7+ Kd6 46. Rd7+
Ke5 47. Ra7 Rxa2 48. b4 a4 49. b5 Kd4 50. b6 Kd3 51. Rc7 Rb2 52. Ke1 0-1

[Event "Groningen Open A"]
[Site "Groningen NED"]
[Date "2012.12.30"]
[Round "9.1"]
[White "Van Kampen, R."]
[Black "Andriasian, Z."]
[Result "1/2-1/2"]
[WhiteElo "2570"]
[BlackElo "2605"]
[PlyCount "53"]
[EventDate "2012.12.21"]
[SourceDate "1999.07.01"]

1. e4 c5 2. Nf3 d6 3. d4 cxd4 4. Nxd4 Nf6 5. Nc3 a6 6. h3 e5 7. Nde2 h5 8. g3
Be7 9. Bg2 b5 10. Nd5 Nbd7 11. Nxe7 Qxe7 12. Bg5 Bb7 13. Nc3 Qe6 14. O-O b4 15.
Nd5 Bxd5 16. exd5 Qf5 17. Bd2 Rb8 18. a3 bxa3 19. b3 O-O 20. Rxa3 Rfc8 21. c4
Nc5 22. Be3 Nfd7 23. Qb1 e4 24. Qc2 Rb7 25. Rb1 Rcb8 26. Bd4 Qg6 27. Kh2
1/2-1/2

[Event "SportAccord Blindfold Men 2012"]
[Site "Beijing CHN"]
[Date "2012.12.18"]
[Round "2.3"]
[White "Grischuk, A."]
[Black "Wang Hao"]
[Result "0-1"]
[WhiteElo "2764"]
[BlackElo "2737"]
[PlyCount "80"]
[EventDate "2012.12.18"]
[SourceDate "1999.07.01"]

1. e4 c5 2. Nf3 d6 3. d4 cxd4 4. Nxd4 Nf6 5. Nc3 a6 6. Be3 e5 7. Nb3 Be6 8. Qd2
Nbd7 9. O-O-O b5 10. f3 h5 11. Nd5 Bxd5 12. exd5 Nb6 13. Qc3 Nfd7 14. Na5 Rc8
15. Qb4 Qc7 16. c3 Be7 17. Kb1 O-O 18. g4 Nxd5 19. Rxd5 Nf6 20. Rd1 d5 21. Qb3
hxg4 22. fxg4 Nxg4 23. Bc1 Qxa5 24. Rxd5 Qb6 25. Be2 Qg6+ 26. Qc2 Qe6 27. Bxg4
Qxd5 28. Rd1 Qc6 29. Bd7 Qf3 30. Rd3 Qf6 31. Rg3 Rcd8 32. Bf5 Rfe8 33. a3 a5
34. h4 b4 35. cxb4 axb4 36. Bg5 Qd6 37. Bc1 bxa3 38. Rxa3 Qd1 39. Qg2 Bxa3 40.
Bc2 Qe1 0-1

[Event "World Cities Team GpC"]
[Site "Al-Ain UAE"]
[Date "2012.12.23"]
[Round "2.6"]
[White "Kryvoruchko, Y."]
[Black "Banikas, H."]
[Result "0-1"]
[WhiteElo "2671"]
[BlackElo "2620"]
[PlyCount "117"]
[EventDate "2012.12.22"]
[SourceDate "1999.07.01"]
[WhiteTeam "Lviv"]
[BlackTeam "Athens"]

1. e4 c5 2. Nf3 d6 3. d4 cxd4 4. Nxd4 Nf6 5. Nc3 a6 6. h3 g6 7. g4 Bg7 8. Bg2
O-O 9. O-O Nc6 10. Be3 Bd7 11. a4 Rc8 12. Nde2 Na5 13. Nf4 Nc4 14. Bc1 Bc6 15.
Ra2 Nd7 16. Ncd5 e5 17. Ne2 Bxd5 18. Qxd5 Nf6 19. Qd3 d5 20. b3 Nd6 21. exd5 e4
22. Qg3 b5 23. axb5 axb5 24. Bf4 Nfe8 25. c3 g5 26. Be3 f5 27. f4 exf3 28. Qxf3
Qe7 29. Bd4 fxg4 30. Qxg4 Bxd4+ 31. Qxd4 Rxf1+ 32. Bxf1 Nf5 33. Qf2 Ned6 34.
Nd4 Nxd4 35. Qxd4 Nf5 36. Qg4 Rf8 37. Rf2 Qe3 38. Qf3 Qxf3 39. Rxf3 Nd6 40. Re3
Kg7 41. Be2 Rf7 42. Kg2 Rf8 43. Bf3 Nf5 44. Rd3 Nd6 45. Kf2 Kf6 46. Ke2 Re8+
47. Kd2 Re7 48. Kc2 Kf5 49. Kb2 Ra7 50. Re3 Kf4 51. Re6 Kxf3 52. Rxd6 h5 53.
Rg6 g4 54. hxg4 hxg4 55. c4 b4 56. d6 Ke4 57. Rxg4+ Ke5 58. Rg5+ Kxd6 59. Rb5
0-1

[Event "Russian Rapid GP Final 2012"]
[Site "Kirov RUS"]
[Date "2012.12.23"]
[Round "1.2"]
[White "Smirnov, P."]
[Black "Shomoev, A."]
[Result "1-0"]
[WhiteElo "2610"]
[BlackElo "2564"]
[PlyCount "99"]
[EventDate "2012.12.23"]
[SourceDate "1999.07.01"]

1. e4 c5 2. Nf3 d6 3. d4 cxd4 4. Nxd4 Nf6 5. Nc3 a6 6. Be3 e5 7. Nb3 Be6 8. h3
Nbd7 9. g4 h6 10. Qd2 b5 11. O-O-O Nb6 12. Qe1 Rc8 13. f4 Qc7 14. Rh2 Be7 15.
Kb1 Na4 16. Nd5 Bxd5 17. exd5 exf4 18. Bxf4 O-O 19. Re2 Rfe8 20. g5 hxg5 21.
Bxg5 Ne4 22. Bxe7 Nec3+ 23. bxc3 Nxc3+ 24. Kb2 Nxe2 25. Qxe2 Rxe7 26. Qd2 Re5
27. Rc1 Qe7 28. Bd3 Qf6 29. Kb1 Rce8 30. Rf1 Qg5 31. Qf2 R5e7 32. Nd4 g6 33.
Nf5 Rd7 34. Nxd6 Ree7 35. Ne4 Rxe4 36. Bxe4 Qe5 37. Qf4 Qc3 38. Bd3 a5 39. h4
a4 40. Qf6 Qb4+ 41. Qb2 Qxh4 42. Bxb5 Rb7 43. c4 a3 44. Qc3 Re7 45. d6 Re2 46.
d7 Rb2+ 47. Ka1 Rf2 48. Rd1 Qd8 49. Qe5 Qa5 50. d8=R+ 1-0

[Event "Russian Rapid GP Final 2012"]
[Site "Kirov RUS"]
[Date "2012.12.23"]
[Round "2.2"]
[White "Savchenko, B."]
[Black "Shomoev, A."]
[Result "0-1"]
[WhiteElo "2571"]
[BlackElo "2564"]
[PlyCount "66"]
[EventDate "2012.12.23"]
[SourceDate "1999.07.01"]

1. e4 c5 2. Nf3 d6 3. d4 cxd4 4. Nxd4 Nf6 5. Nc3 a6 6. Bg5 e6 7. f4 b5 8. e5
dxe5 9. fxe5 Qc7 10. exf6 Qe5+ 11. Be2 Qxg5 12. Qd3 Ra7 13. Ne4 Qe5 14. O-O-O
Rd7 15. Qc3 Bb7 16. Nxb5 Qxc3 17. Nbxc3 Rxd1+ 18. Rxd1 gxf6 19. Bf3 Ke7 20. b4
f5 21. Nc5 Bxf3 22. gxf3 Rg8 23. Re1 Rg2 24. Nd5+ Kd6 25. Nf4 Bh6 26. Ncxe6
Rxh2 27. Nd4 Bxf4+ 28. Kb1 Rh5 29. Rd1 Ke7 30. c4 Be5 31. Nb3 Rh2 32. Re1 Kf6
33. f4 Bc3 0-1

[Event "TCh-SVK Extraliga 2012-13"]
[Site "Slovakia SVK"]
[Date "2012.11.24"]
[Round "3.1"]
[White "Petrik, T."]
[Black "Antoniewski, R."]
[Result "1-0"]
[WhiteElo "2534"]
[BlackElo "2552"]
[PlyCount "167"]
[EventDate "2012.10.27"]
[SourceDate "1999.07.01"]
[WhiteTeam "MODRA sk"]
[BlackTeam "DUNAJOV inbest"]

1. e4 c5 2. Nf3 d6 3. d4 cxd4 4. Nxd4 Nf6 5. Nc3 a6 6. Be2 e5 7. Nb3 Be7 8. O-O
O-O 9. Be3 Be6 10. Qd2 Nbd7 11. a4 Rc8 12. a5 Qc7 13. Rfd1 Rfd8 14. Qe1 h6 15.
h3 Bf8 16. Rd2 Qc6 17. Bf3 Qc7 18. Be2 Qc6 19. Bf3 Qc7 20. Nc1 b6 21. Be2 b5
22. Nd3 d5 23. exd5 Bf5 24. f3 b4 25. Na4 Nxd5 26. Bf2 Be7 27. Bf1 Bg5 28. Rdd1
Be7 29. Nb6 N7xb6 30. axb6 Nxb6 31. Rxa6 Bxd3 32. Bxd3 Bc5 33. Bxc5 Qxc5+ 34.
Qf2 Rd4 35. Re1 Rcd8 36. Kh1 Nd7 37. Qe3 Qc7 38. Raa1 Nc5 39. Bf5 f6 40. c3
bxc3 41. bxc3 Rd2 42. Bg6 R2d7 43. Reb1 Ne6 44. Bf5 Kf7 45. Qe4 Qxc3 46. Qg4
Nf8 47. Bxd7 Rxd7 48. Ra8 Qd3 49. Rbb8 Ng6 50. Kh2 e4 51. fxe4 Qd6+ 52. Qg3
Qxg3+ 53. Kxg3 Ne5 54. Rb3 Kg6 55. Rba3 h5 56. R8a7 Rd2 57. Rb7 Kh6 58. h4 g5
59. hxg5+ Kxg5 60. Rg7+ Ng6 61. Rg8 Rd6 62. Kh2 h4 63. Ra7 Re6 64. Rag7 f5 65.
exf5 Kxf5 66. Rf7+ Kg5 67. Rf3 Kh6 68. Kh3 Kh7 69. Ra8 Kh6 70. Ra7 Kg5 71. Ra5+
Kh6 72. Rff5 Re3+ 73. Kh2 Re4 74. Rh5+ Kg7 75. Ra7+ Ne7 76. Kh3 Re3+ 77. Kxh4
Kg6 78. Ra6+ Kg7 79. Ra7 Kg6 80. Ra6+ Kg7 81. Rg5+ Kf7 82. g4 Rb3 83. Rc5 Rb8
84. Rc7 1-0

[Event "SportAccord Rapid Women 2012"]
[Site "Beijing CHN"]
[Date "2012.12.14"]
[Round "4.2"]
[White "Kosteniuk, A."]
[Black "Lahno, Kateri"]
[Result "0-1"]
[WhiteElo "2501"]
[BlackElo "2553"]
[PlyCount "86"]
[EventDate "2012.12.14"]
[SourceDate "1999.07.01"]

1. e4 c5 2. Nf3 d6 3. d4 cxd4 4. Nxd4 Nf6 5. Nc3 a6 6. Be2 e6 7. O-O Be7 8. Be3
O-O 9. f4 Nc6 10. a4 Qc7 11. Kh1 Re8 12. Bf3 Rb8 13. Nb3 b6 14. g4 Na5 15. Nd2
Bb7 16. g5 Nd7 17. Bg2 Nc4 18. Nxc4 Qxc4 19. Qd2 Rbc8 20. f5 exf5 21. exf5
Bxg2+ 22. Qxg2 Bf8 23. Rae1 b5 24. axb5 axb5 25. g6 hxg6 26. fxg6 fxg6 27. Rf2
Re5 28. Qxg6 Rce8 29. Rg1 Qc6+ 30. Rgg2 R8e7 31. Nd1 Rd5 32. Nc3 Rde5 33. Nd1
Qd5 34. Nc3 Qa8 35. Nd1 b4 36. Kg1 Rd5 37. Bd2 Rxd2 38. Rxd2 Ne5 39. Qxd6 Nf3+
40. Kf2 Rf7 41. Qe6 Nxd2+ 42. Kg1 Nf3+ 43. Kh1 Nh4 0-1

[Event "SportAccord Blitz Women 2012"]
[Site "Beijing CHN"]
[Date "2012.12.17"]
[Round "11.2"]
[White "Kosteniuk, A."]
[Black "Lahno, Kateri"]
[Result "1-0"]
[WhiteElo "2501"]
[BlackElo "2553"]
[PlyCount "99"]
[EventDate "2012.12.16"]
[SourceDate "1999.07.01"]

1. e4 c5 2. Nf3 d6 3. d4 cxd4 4. Nxd4 Nf6 5. Nc3 a6 6. Be2 e6 7. O-O Be7 8. f4
Nc6 9. Be3 O-O 10. a4 Qc7 11. Kh1 Re8 12. Bf3 Rb8 13. g4 d5 14. e5 Nd7 15. Nb3
b6 16. Bg2 Na5 17. Nd2 Bc5 18. Bxc5 bxc5 19. b3 Bb7 20. Qe1 Nc6 21. Qh4 Nd4 22.
Rac1 Qa5 23. Qg3 Rbc8 24. Qd3 Qb6 25. Ne2 Nc6 26. Ng3 a5 27. c4 Nb4 28. Qe3 Qc7
29. Nh5 Rb8 30. Qg3 d4 31. Be4 Na2 32. Rce1 Nc3 33. Bf3 Bxf3+ 34. Rxf3 g6 35.
Nf6+ Nxf6 36. exf6 e5 37. fxe5 Re6 38. Qf4 Qd8 39. Qh6 Qf8 40. Qh4 h6 41. Rh3
Kh7 42. Nf3 Kg8 43. Ng5 Rbe8 44. Nxe6 Rxe6 45. Kg1 Kh7 46. Qg3 Qb8 47. Qf4 Qf8
48. Kf1 Kg8 49. Rxh6 Qa8 50. Rh8+ 1-0

[Event "Amplico ch-EUR Rapid"]
[Site "Warsaw POL"]
[Date "2012.12.16"]
[Round "9.1"]
[White "Rublevsky, S."]
[Black "Vachier Lagrave, M."]
[Result "1-0"]
[WhiteElo "2688"]
[BlackElo "2711"]
[PlyCount "59"]
[EventDate "2012.12.15"]
[SourceDate "1999.07.01"]

1. e4 c5 2. Nf3 d6 3. d4 cxd4 4. Nxd4 Nf6 5. Nc3 a6 6. Bc4 e6 7. Bb3 Nbd7 8.
Bg5 Qa5 9. Qd2 Be7 10. O-O-O Nc5 11. Rhe1 O-O 12. Kb1 Qc7 13. f4 h6 14. h4 b5
15. e5 dxe5 16. fxe5 Nh7 17. Bxe7 Qxe7 18. Ne4 Bb7 19. Nxc5 Qxc5 20. g4 Qe7 21.
Qh2 Rfd8 22. g5 hxg5 23. hxg5 Qxg5 24. Rg1 Qe3 25. c3 Be4+ 26. Ka1 Bg6 27. Rxg6
fxg6 28. Bxe6+ Kh8 29. Rh1 Qh6 30. Qg2 1-0

[Event "Amplico ch-EUR Rapid"]
[Site "Warsaw POL"]
[Date "2012.12.16"]
[Round "10.11"]
[White "Istratescu, A."]
[Black "Moranda, W."]
[Result "1/2-1/2"]
[WhiteElo "2654"]
[BlackElo "2559"]
[PlyCount "62"]
[EventDate "2012.12.15"]
[SourceDate "1999.07.01"]

1. e4 c5 2. Nf3 d6 3. d4 cxd4 4. Nxd4 Nf6 5. Nc3 a6 6. h3 e6 7. g4 Be7 8. g5
Nfd7 9. h4 Nc6 10. Be3 Qc7 11. h5 Nce5 12. f4 Nc4 13. Bxc4 Qxc4 14. Qd3 Qxd3
15. cxd3 Nc5 16. Kd2 Bd7 17. f5 Rc8 18. h6 g6 19. f6 Bd8 20. Rhc1 Ba5 21. Rab1
Na4 22. Nb3 Bb4 23. a3 Nxc3 24. bxc3 Bxa3 25. Rc2 b5 26. Na5 Rc7 27. Bb6 Rc8
28. d4 Rb8 29. Bc7 Rc8 30. Bb6 Rb8 31. Bc7 Rc8 1/2-1/2

[Event "Amplico ch-EUR Blitz"]
[Site "Warsaw POL"]
[Date "2012.12.14"]
[Round "3.1"]
[White "Motylev, A."]
[Black "Jakubowski, K."]
[Result "1-0"]
[WhiteElo "2677"]
[BlackElo "2510"]
[PlyCount "105"]
[EventDate "2012.12.14"]
[SourceDate "1999.07.01"]

1. e4 c5 2. Nf3 d6 3. d4 cxd4 4. Nxd4 Nf6 5. Nc3 a6 6. Bg5 e6 7. f4 Be7 8. Qf3
Qc7 9. O-O-O Nbd7 10. Bd3 h6 11. Bh4 g5 12. fxg5 Ne5 13. Qe2 Nfg4 14. Kb1 hxg5
15. Bg3 Bd7 16. Rhf1 f6 17. h3 Nh6 18. Bf2 Nhf7 19. Bg1 b5 20. Qd2 Nc4 21. Bxc4
Qxc4 22. Nf3 Rc8 23. Bd4 b4 24. Ne2 a5 25. e5 Bb5 26. exf6 Bd8 27. Rfe1 e5 28.
Ng3 Bxf6 29. Ne4 Be7 30. b3 Qc6 31. Bb2 a4 32. c4 bxc3 33. Nxc3 axb3 34. axb3
Rb8 35. Qd5 Qxd5 36. Nxd5 Bd8 37. Nd4 Bd7 38. Rc1 Rh4 39. Nc2 Rxb3 40. Ka2 Rb5
41. Nce3 Ra4+ 42. Kb1 Ra7 43. Rc2 Rab7 44. Rf1 Nh6 45. Nf6+ Bxf6 46. Rxf6 Nf7
47. Rcf2 Bc6 48. Kc1 Be4 49. Nd1 Rc7+ 50. Nc3 Rb3 51. Kd1 Bh7 52. Nd5 Bg8 53.
Nxc7+ 1-0

[Event "Amplico ch-EUR Blitz"]
[Site "Warsaw POL"]
[Date "2012.12.14"]
[Round "4.1"]
[White "Andriasian, Z."]
[Black "Zhigalko, A."]
[Result "1/2-1/2"]
[WhiteElo "2605"]
[BlackElo "2589"]
[PlyCount "64"]
[EventDate "2012.12.14"]
[SourceDate "1999.07.01"]

1. e4 c5 2. Nf3 d6 3. d4 cxd4 4. Nxd4 Nf6 5. Nc3 a6 6. Be3 g6 7. f3 Bg7 8. Qd2
Nbd7 9. O-O-O h5 10. Kb1 b5 11. Bd3 Bb7 12. Rhe1 Rc8 13. g3 O-O 14. h3 b4 15.
Nce2 e5 16. Nb3 d5 17. Qxb4 Qc7 18. Qa5 dxe4 19. Qxc7 Rxc7 20. fxe4 Bxe4 21.
Nc3 Bxd3 22. Rxd3 Rfc8 23. Red1 Nf8 24. Rd6 Rxc3 25. bxc3 Ne4 26. Rd8 Nxc3+ 27.
Kc1 Rc4 28. R1d6 Nxa2+ 29. Kb2 Nb4 30. c3 e4 31. Bd4 Nd3+ 32. Kc2 Kh7 1/2-1/2

[Event "Amplico ch-EUR Blitz"]
[Site "Warsaw POL"]
[Date "2012.12.14"]
[Round "4.2"]
[White "Zhigalko, A."]
[Black "Andriasian, Z."]
[Result "0-1"]
[WhiteElo "2589"]
[BlackElo "2605"]
[PlyCount "91"]
[EventDate "2012.12.14"]
[SourceDate "1999.07.01"]

1. e4 c5 2. Nf3 d6 3. d4 cxd4 4. Nxd4 Nf6 5. Nc3 a6 6. h3 e5 7. Nb3 h5 8. Be3
Be7 9. Qd2 Be6 10. O-O-O Nbd7 11. f4 Rc8 12. Kb1 b5 13. Bd3 h4 14. Rhe1 Qc7 15.
a3 Nb6 16. Na5 g6 17. Bf2 Nfd7 18. f5 gxf5 19. exf5 Bc4 20. Nxc4 bxc4 21. Be4
Nf6 22. Re2 Rb8 23. Ka1 Kf8 24. Qe1 Nxe4 25. Rxe4 d5 26. Rxe5 Bf6 27. Bd4 Nd7
28. Rxd5 Qb7 29. Rb1 Bxd4 30. Rxd4 Nf6 31. Qe5 Rh6 32. Rd6 Re8 33. Qd4 Qe7 34.
Rd1 Qe5 35. Qxc4 Qxf5 36. Kb1 Rg6 37. Qxa6 Rxg2 38. Qd3 Qxd3 39. R1xd3 Nh5 40.
R6d4 Re1+ 41. Ka2 Rxc2 42. Kb3 Rh2 43. Rxh4 Nf6 44. Rhd4 Rg1 45. Ka2 Rgg2 46.
Rb4 0-1

[Event "Amplico ch-EUR Blitz"]
[Site "Warsaw POL"]
[Date "2012.12.14"]
[Round "5.2"]
[White "Mista, A."]
[Black "Edouard, R."]
[Result "0-1"]
[WhiteElo "2562"]
[BlackElo "2686"]
[PlyCount "56"]
[EventDate "2012.12.14"]
[SourceDate "1999.07.01"]

1. e4 c5 2. Nf3 d6 3. d4 cxd4 4. Nxd4 Nf6 5. Nc3 a6 6. Be2 e5 7. Nb3 Be7 8. O-O
O-O 9. Re1 b6 10. Bf3 Bb7 11. Nd2 Nbd7 12. Nf1 Rc8 13. a4 Nc5 14. Ng3 g6 15.
Bh6 Re8 16. Qd2 Ne6 17. Nf5 gxf5 18. exf5 Bxf3 19. fxe6 Bh5 20. Qg5+ Bg6 21.
exf7+ Kxf7 22. Qg3 Rg8 23. Qf3 Qd7 24. Nd5 Qf5 25. Qxf5 Bxf5 26. Nxb6 Rxc2 27.
b4 Ng4 28. Nd5 Nxh6 0-1

[Event "Amplico ch-EUR Blitz"]
[Site "Warsaw POL"]
[Date "2012.12.14"]
[Round "9.1"]
[White "Jaracz, P."]
[Black "Andriasian, Z."]
[Result "0-1"]
[WhiteElo "2548"]
[BlackElo "2605"]
[PlyCount "64"]
[EventDate "2012.12.14"]
[SourceDate "1999.07.01"]

1. e4 c5 2. Nf3 d6 3. d4 cxd4 4. Nxd4 Nf6 5. Nc3 a6 6. h3 e5 7. Nb3 Be7 8. Be3
Be6 9. Qf3 Nbd7 10. g4 h6 11. O-O-O Rc8 12. Nd5 Bxd5 13. exd5 Nb6 14. Kb1 e4
15. Qg2 Nbxd5 16. Bd4 Nf4 17. Qg3 Ne6 18. h4 Qc7 19. c3 Nxd4 20. Nxd4 d5 21.
Qg2 Qf4 22. g5 Ng4 23. Qh3 hxg5 24. Be2 Rxh4 25. Qg2 Qxf2 26. Rxh4 Qxg2 27.
Rxg4 Qh3 28. Nf5 g6 29. Nd4 Bf6 30. Nc2 Bxc3 31. bxc3 Qxc3 32. Rc1 Rc6 0-1

[Event "Amplico ch-EUR Blitz"]
[Site "Warsaw POL"]
[Date "2012.12.14"]
[Round "10.1"]
[White "Istratescu, A."]
[Black "Kempinski, R."]
[Result "1-0"]
[WhiteElo "2654"]
[BlackElo "2599"]
[PlyCount "60"]
[EventDate "2012.12.14"]
[SourceDate "1999.07.01"]

1. e4 c5 2. Nf3 d6 3. d4 cxd4 4. Nxd4 Nf6 5. Nc3 a6 6. h3 Nc6 7. g4 e6 8. Bg2
Qc7 9. g5 Nd7 10. h4 Nxd4 11. Qxd4 b5 12. h5 Bb7 13. a4 Qc4 14. Qxc4 bxc4 15.
Be3 Be7 16. a5 Ne5 17. f4 Ng4 18. Bb6 f5 19. gxf6 Nxf6 20. O-O-O Rc8 21. Rdg1
Bd8 22. e5 Bxg2 23. Rxg2 dxe5 24. fxe5 Nd7 25. Bxd8 Rxd8 26. Rxg7 Nxe5 27. Re1
Kf8 28. Ra7 Nc6 29. Rxa6 Nd4 30. Ne2 Nxe2+ 1-0